| 000 | 00420nam a2200205Ia 4500 | ||
|---|---|---|---|
| 001 | 13785 | ||
| 003 | GE_BSU | ||
| 008 | 181216s||||||||xx |||||||||||||| ||und|| | ||
| 020 | _a9780751543476 | ||
| 040 | _cGE_BSU | ||
| 080 | _a811.111-311.6 | ||
| 100 | _aLearner,T.C. | ||
| 245 | _aSphinx. | ||
| 260 | _aLondon. | ||
| 260 | _bSphere. | ||
| 260 | _c2010 | ||
| 300 | _a546p;18cm. | ||
| 653 | _aSphinx. | ||
| 942 | _cBK | ||
| 999 |
_c46932 _d46932 |
||